| 000 | 00869nac a22002171u 4500 | ||
|---|---|---|---|
| 010 | _a 00035906 | ||
| 020 | _a0471363588 (cloth : alk. paper) | ||
| 082 | 0 | 0 |
_a621.38932 _bWIL |
| 090 |
_c5762 _d5762 |
||
| 100 | _aWilliams, Edgar M. | ||
| 245 | 1 | 0 |
_aDesign and analysis of magnetoresistive recording heads / _cEdgar M. Williams. |
| 260 |
_aNew York : _bJ. Wiley,c2001. _cc2001. |
||
| 300 |
_axix, 309 p. : _bill. ; _c25 cm. |
||
| 500 | _aDistributer : Al-Ahram. | ||
| 504 | _aIncludes bibliographical references and index. | ||
| 511 | _aCatalogued By : Mahitab. | ||
| 650 | 0 | _aMagnetic recorders and recording | |
| 856 | 4 | 2 |
_3Publisher description _uhttp://www.loc.gov/catdir/description/wiley039/00035906.html |
| 856 | 4 | 2 |
_3Table of Contents _uhttp://www.loc.gov/catdir/toc/onix05/00035906.html |
| 942 |
_cBB _k621.38932WIL |
||
| 999 |
_c5762 _d5762 |
||